LEADER 00806nam0-2200265 --450 001 9911011479303321 005 20250624111944.0 010 $a978-88-351-3760-3 100 $a20250624d2022----kmuy0itay5050 ba 101 0 $aita 102 $aIT 105 $a 001yy 200 1 $aGiacomo Matteotti e la recidiva$euna nuova idea di giustizia criminale$fPaolo Passaniti 210 $aMilano$cFrancoAngeli$dc2022 215 $a184 p.$d23 cm 225 1 $aCollana della Fondazione di studi storici Filippo Turati$v52 676 $a345.4503$v23$zita 700 1$aPassaniti,$bPaolo$0501285 801 0$aIT$bUNINA$gREICAT$2UNIMARC 901 $aBK 912 $a9911011479303321 952 $aV E1 53$b2024/317$fFGBC 959 $aFGBC 996 $aGiacomo Matteotti e la recidiva$94307261 997 $aUNINA